00628 2200217 4500001002100000005001500021035002000036007000300056008004100059020002200100082001600122084002200138100001700160245003500177250002000212260006500232300003200297650003700329650002600366856001800392INLIS00000000000001620250710111511 a0010-0725000016ta250710 a 0 ind  a978-623-307-912-9 a398.209 598 a398.209 598 LES b0 aLesley beake1 aBukan aku, bu! /cLesley beake aCetakan pertama aRawamangun :bBadan pengembangan dan pembinaan bahasa,c2022 a24 hlm. :bIlus. ;c22,9 cm 4aCerita anak indinesia-terjemahan 4aLiterasi-bahan bacaan aTBM As suhada